Guess the Taylor Swift Song (no hints) 83 - Statistics

General Stats
  • This quiz has been taken 114 times
  • The average score is 350 of 430
Answer Stats
Answer % Correct
I
100%
an
97%
the
97%
you
97%
You
97%
(You
97%
your
97%
is
96%
me
96%
In
94%
in
94%
I'm
92%
my
92%
And
91%
and
91%
it
90%
they
88%
time
88%
time,
88%
it's
87%
of
87%
to
87%
This
86%
this
86%
(This
86%
this)
86%
all
84%
All
84%
last
84%
Last
84%
wear
84%
at
83%
like
83%
why
83%
why)
83%
for
82%
No
81%
no
81%
are
79%
But
79%
I've
79%
when
79%
Just
78%
been
75%
was
75%
go
74%
Oh
74%
there
74%
not
73%
mine
71%
say
71%
eye,
70%
eye
70%
asking
69%
heart
69%
heart)
69%
how
68%
right
66%
blink
65%
those
65%
times
65%
got
64%
Put
64%
(Put
64%
before
62%
here
62%
name
62%
let
61%
list
61%
list)
61%
best
60%
break
60%
top
60%
along
58%
door
58%
eyes
58%
tell
58%
back
56%
leave
56%
won't
56%
again
55%
watch
55%
anymore
53%
wrong
53%
better
52%
everything
52%
Everything
52%
Find
52%
find
52%
hurt
52%
into
52%
alone
51%
myself
51%
apology
49%
home
48%
sure
48%
come
47%
reasons
47%
lead
45%
roads,
45%
room,
45%
feels
44%
open
44%
yourself
43%
breaking
42%
imagine
40%
past,
38%
hide
36%
Disappear
35%
nowhere
35%
aching
27%
Run
21%
fast,
17%
No matching quizzes found
Score Distribution
Percent of People with Each Score
Percentile by Number Answered
Your Score History
You have not taken this quiz